Conan Gray - Little League - All lyrics - Statistics

General Stats
  • This quiz has been taken 12 times
  • The average score is 246 of 294
Answer Stats
Answer % Correct
a
100%
and
100%
And
100%
day
100%
days
100%
Do
100%
do
100%
ever
100%
have
100%
I
100%
lately
100%
me
100%
no
100%
on
100%
our
100%
remember
100%
the
100%
was
100%
we
100%
We
100%
when
100%
When
100%
who
100%
you
100%
act
83%
age
83%
all
83%
anything
83%
away
83%
be
83%
been
83%
block?
83%
But
83%
but
83%
did
83%
didn't
83%
dumb,
83%
everything
83%
feelin'
83%
free
83%
get
83%
Get
83%
grass
83%
hearts
83%
how
83%
it
83%
I've
83%
know
83%
lay
83%
League
83%
leave?
83%
Little
83%
my
83%
of
83%
old
83%
one
83%
out
83%
strange
83%
talking
83%
that
83%
to
83%
watching
83%
were
83%
what
83%
where
83%
Why
83%
wild,
83%
with
83%
With
83%
would
83%
Yeah,
83%
younger
83%
called
67%
Cause
67%
class
67%
cops
67%
Could
67%
everybody's
67%
fade
67%
friends
67%
go?
67%
had
67%
in
67%
Messin'
67%
never
67%
now
67%
right
67%
sleeves
67%
snuck
67%
street,
67%
swore
67%
Swore
67%
tellin'
67%
thought
67%
We'd
67%
we'd
67%
wore
67%
95
50%
Could've
50%
don't
50%
goin'
50%
home
50%
I'm
50%
interstate
50%
move
50%
neighbors
50%
nobody's
50%
wish
50%
another
33%
back
33%
chance,
33%
going
33%
rewind?
33%
Standin'
33%
take
33%
through
33%
time
33%
Oh,
17%
No matching quizzes found
Score Distribution
Percent of People with Each Score
Percentile by Number Answered
Your Score History
You have not taken this quiz